00489 2200181 4500001002100000005001500021035002000036007000300056008004100059020002200100082001000122084001600132100001600148245004900164260003400213300004400247650001600291INLIS00000000000030520231222041637 a0010-1223000035ta231222 g 0 ind  a978-602-344-166-2 a636.2 a636.2 TIM i0 aTim Pustaka1 aInovasi Terkini Beternak Sapi /cTim Pustaka aJakarta :bIAARD Press,c2017 aviii, 96 hlm, :bilus, ;c17 cm x 25 cm 4aTernak Sapi